El riego en la Argentina y su problemática /
Guardado en:
| Autor Principal: | |
|---|---|
| Otros Autores: | |
| Formato: | Libro |
| Idioma: | Spanish |
| Publicado: |
Bahía Blanca :
Universidad Nacional del Sur. Departamento de Agronomía,
1994.
|
| Series: | Curso Suelos de Regadío. FAO-UNS
|
| Materias: | |
| Etiquetas: |
Agregar Etiqueta
Sin Etiquetas, Sea el primero en etiquetar este registro!
|
| LEADER | 00676nam a22001815a 4500 | ||
|---|---|---|---|
| 001 | EUN.um031445 | ||
| 008 | 041125s1994####ag############000#0#spa#d | ||
| 005 | 20090408120613.0 | ||
| 245 | 1 | 3 | |a El riego en la Argentina y su problemática / |c Jorge A. Luque, Juan D. Paoloni. |
| 260 | |a Bahía Blanca : |b Universidad Nacional del Sur. Departamento de Agronomía, |c 1994. | ||
| 300 | |a 26 p. | ||
| 490 | 0 | |a Curso Suelos de Regadío. FAO-UNS | |
| 100 | 1 | |a Luque, Jorge Alfredo. | |
| 700 | 1 | |a Paoloni, Juan D. | |
| 082 | 0 | 4 | |a 631.7 |
| 653 | |a Riego | ||
| 859 | |a Ar-BaUNS |b BIB. CENTRAL - Sector C |h 631.7 |i L974-15 |p 104228/995 | ||
| 859 | |a Ar-BaUNS |b BIB. CENTRAL - Sector C |h 631.7 |i L974-15 |p 112992/002 |t Ej.2 | ||
